[Event "Turniej Blitza na II Lidze Juniorów 2018"]
[Site "Szczyrk, Poland"]
[Date "????.??.??"]
[Round "8.44"]
[White "Wesolowski, Jeremi"]
[Black "Madajczak, Piotr"]
[Result "0-1"]
[TimeControl "3'+2\""]
[WhiteElo "1267"]
[BlackElo "1380"]

1. e4 {[%clk 00:03:03]} {[%emt 00:00:41]} c5 {[%clk 00:03:03]} {[%emt
00:00:01]} 2. Nf3 {[%clk 00:03:04]} {[%emt 00:00:01]} Nc6 {[%clk 00:03:04]} 3.
c3 {[%clk 00:02:58]} {[%emt 00:00:09]} d5 {[%clk 00:03:03]} {[%emt 00:00:02]} 4.
e5 {[%clk 00:02:58]} {[%emt 00:00:02]} Bg4 {[%clk 00:03:02]} {[%emt 00:00:03]}
5. d4 {[%clk 00:02:58]} {[%emt 00:00:02]} e6 {[%clk 00:03:01]} {[%emt
00:00:03]} 6. Bf4 {[%clk 00:02:57]} {[%emt 00:00:04]} Bxf3 {[%clk 00:02:56]}
{[%emt 00:00:07]} 7. gxf3 {[%clk 00:02:57]} {[%emt 00:00:01]} Be7 {[%clk
00:02:54]} {[%emt 00:00:03]} 8. Qd2 {[%clk 00:02:56]} {[%emt 00:00:04]} cxd4
{[%clk 00:02:54]} {[%emt 00:00:02]} 9. cxd4 {[%clk 00:02:57]} {[%emt 00:00:01]}
Bb4 {[%clk 00:02:49]} {[%emt 00:00:07]} 10. Nc3 {[%clk 00:02:57]} {[%emt
00:00:01]} Nge7 {[%clk 00:02:45]} {[%emt 00:00:07]} 11. a3 {[%clk 00:02:58]}
{[%emt 00:00:02]} Ba5 {[%clk 00:02:40]} {[%emt 00:00:05]} 12. b4 {[%clk
00:02:59]} {[%emt 00:00:02]} Bb6 {[%clk 00:02:41]} {[%emt 00:00:01]} 13. Bb5
{[%clk 00:02:52]} {[%emt 00:00:10]} O-O {[%clk 00:02:30]} {[%emt 00:00:12]} 14.
Bg5 {[%clk 00:02:45]} {[%emt 00:00:09]} Nxd4 {[%clk 00:02:23]} {[%emt
00:00:09]} 15. Qd3 {[%clk 00:02:11]} {[%emt 00:00:35]} h6 {[%clk 00:01:25]}
{[%emt 00:01:01]} 16. Bd2 {[%clk 00:02:01]} {[%emt 00:00:12]} Nef5 {[%clk
00:01:21]} {[%emt 00:00:05]} 17. Rg1 {[%clk 00:01:53]} {[%emt 00:00:09]} Qh4
{[%clk 00:01:05]} {[%emt 00:00:19]} 18. O-O-O {[%clk 00:01:12]} {[%emt
00:00:44]} Nb3+ {[%clk 00:00:56]} {[%emt 00:00:11]} 19. Kb2 {[%clk 00:01:07]}
{[%emt 00:00:06]} Nxd2 {[%clk 00:00:45]} {[%emt 00:00:14]} 20. Rxd2 {[%clk
00:00:59]} {[%emt 00:00:10]} Bd4 {[%clk 00:00:20]} {[%emt 00:00:26]} 21. Qe2
{[%clk 00:00:38]} {[%emt 00:00:21]} Rac8 {[%clk 00:00:18]} {[%emt 00:00:06]} 22.
Rc2 {[%clk 00:00:35]} {[%emt 00:00:06]} Bxc3+ {[%clk 00:00:17]} {[%emt
00:00:03]} 23. Rxc3 {[%clk 00:00:35]} {[%emt 00:00:02]} Rxc3 {[%clk 00:00:16]}
{[%emt 00:00:03]} 24. Kxc3 {[%clk 00:00:35]} {[%emt 00:00:03]} Qd4+ {[%clk
00:00:15]} {[%emt 00:00:01]} 25. Kc2 {[%clk 00:00:33]} {[%emt 00:00:05]} Qb6
{[%clk 00:00:14]} {[%emt 00:00:02]} 26. Bd3 {[%clk 00:00:31]} {[%emt 00:00:05]}
Nd4+ {[%clk 00:00:14]} {[%emt 00:00:02]} 27. Kd2 {[%clk 00:00:31]} {[%emt
00:00:02]} Nxe2 {[%clk 00:00:14]} {[%emt 00:00:02]} 28. Kxe2 {[%clk 00:00:32]}
{[%emt 00:00:01]} Kh8 {[%clk 00:00:14]} {[%emt 00:00:02]} 29. Bc2 {[%clk
00:00:31]} {[%emt 00:00:03]} Qd4 {[%clk 00:00:15]} 30. Rd1 {[%clk 00:00:28]}
{[%emt 00:00:05]} Qxe5+ {[%clk 00:00:15]} {[%emt 00:00:01]} 31. Kf1 {[%clk
00:00:28]} {[%emt 00:00:02]} Rc8 {[%clk 00:00:16]} {[%emt 00:00:02]} 32. Bd3
{[%clk 00:00:28]} {[%emt 00:00:02]} Qxh2 {[%clk 00:00:13]} {[%emt 00:00:05]} 33.
Ke2 {[%clk 00:00:29]} {[%emt 00:00:01]} Rc3 {[%clk 00:00:10]} {[%emt 00:00:05]}
34. Bb5 {[%clk 00:00:27]} {[%emt 00:00:03]} Qe5+ {[%clk 00:00:10]} {[%emt
00:00:03]} 35. Kf1 {[%clk 00:00:27]} {[%emt 00:00:02]} Qf4 {[%clk 00:00:10]}
{[%emt 00:00:02]} 36. Be2 {[%clk 00:00:27]} {[%emt 00:00:02]} Rc1 {[%clk
00:00:11]} {[%emt 00:00:02]} 37. Rxc1 {[%clk 00:00:23]} {[%emt 00:00:05]} Qxc1+
{[%clk 00:00:12]} {[%emt 00:00:01]} 38. Kg2 {[%clk 00:00:24]} Qxa3 {[%clk
00:00:13]} {[%emt 00:00:02]} 39. Kf1 {[%clk 00:00:25]} Qxb4 {[%clk 00:00:14]}
{[%emt 00:00:01]} 40. Kg2 {[%clk 00:00:26]} a5 {[%clk 00:00:15]} 41. Kg3 {[%clk
00:00:31]} {[%emt 00:00:04]} 0-1

[Event "Turniej Blitza na II Lidze Juniorów 2018"]
[Site "Szczyrk, Poland"]
[Date "????.??.??"]
[Round "8.51"]
[White "Wieckowski, Michal"]
[Black "Laszczuk, Zuzanna"]
[Result "0-1"]
[TimeControl "3'+2\""]
[WhiteElo "1228"]
[BlackElo "1368"]

1. e4 {[%emt 00:00:19]} e5 {[%emt 00:00:02]} 2. Nf3 Nc6 3. d4 {[%emt 00:00:01]}
exd4 {[%emt 00:00:02]} 4. Bc4 Bc5 {[%emt 00:00:02]} 5. c3 {[%emt 00:00:02]}
dxc3 {[%emt 00:00:03]} 6. O-O {[%emt 00:00:06]} d6 {[%emt 00:00:01]} 7. Nxc3
{[%emt 00:00:02]} Bg4 {[%emt 00:00:04]} 8. Qd5 {[%emt 00:00:11]} Qe7 {[%emt
00:00:02]} 9. Qd3 {[%emt 00:00:47]} Nf6 {[%emt 00:00:06]} 10. e5 {[%emt
00:00:07]} dxe5 {[%emt 00:00:06]} 11. Nxe5 {[%emt 00:00:02]} Nxe5 {[%emt
00:00:08]} 12. Qd5 {[%emt 00:00:23]} Nxd5 {[%emt 00:00:04]} 13. Nxd5 {[%emt
00:00:02]} Qd7 {[%emt 00:00:04]} 14. Re1 {[%emt 00:00:03]} f6 {[%emt 00:00:02]}
15. Bf4 {[%emt 00:00:03]} O-O-O {[%emt 00:00:06]} 16. h3 {[%emt 00:00:12]} Bh5
{[%emt 00:00:05]} 17. b4 {[%emt 00:00:08]} Bxf2+ {[%emt 00:00:11]} 18. Kxf2
{[%emt 00:00:08]} Nxc4 {[%emt 00:00:02]} 19. Ne7+ {[%emt 00:00:14]} Kb8 {[%emt
00:00:03]} 20. Rac1 {[%emt 00:00:03]} Qd4+ {[%emt 00:00:04]} 21. Be3 {[%emt
00:00:28]} Nxe3 {[%emt 00:00:03]} 22. Rxe3 {[%emt 00:00:03]} Qd2+ {[%emt
00:00:02]} 23. Kg3 {[%emt 00:00:02]} Qxe3+ {[%emt 00:00:03]} 24. Kh4 {[%emt
00:00:02]} Qf4+ {[%emt 00:00:08]} 25. Kxh5 {[%emt 00:00:02]} Qg5# {[%emt
00:00:02]} 0-1

[Event "Turniej Blitza na II Lidze Juniorów 2018"]
[Site "Szczyrk, Poland"]
[Date "????.??.??"]
[Round "8.45"]
[White "Gredka, Dominika"]
[Black "Uliasz, Katarzyna"]
[Result "1-0"]
[TimeControl "3'+2\""]
[WhiteElo "1782"]
[BlackElo "1124"]

1. e4 {[%clk 00:03:03]} e5 {[%clk 00:03:04]} {[%emt 00:00:01]} 2. Nf3 {[%clk
00:03:04]} Nf6 {[%clk 00:03:05]} 3. Nxe5 {[%clk 00:03:05]} {[%emt 00:00:01]} d6
{[%clk 00:03:06]} 4. Nf3 {[%clk 00:03:06]} Nxe4 {[%clk 00:03:08]} {[%emt
00:00:02]} 5. d4 {[%clk 00:03:07]} d5 {[%clk 00:03:08]} {[%emt 00:00:01]} 6.
Bd3 Nc6 {[%emt 00:00:01]} 7. O-O {[%clk 00:03:05]} {[%emt 00:00:04]} Be7 {[%clk
00:03:11]} 8. Re1 {[%clk 00:03:04]} {[%emt 00:00:04]} Bf5 {[%clk 00:03:10]}
{[%emt 00:00:02]} 9. c4 {[%clk 00:02:56]} {[%emt 00:00:11]} Nb4 {[%clk
00:03:07]} {[%emt 00:00:04]} 10. Bxe4 {[%clk 00:02:47]} {[%emt 00:00:11]} Bxe4
{[%clk 00:02:53]} {[%emt 00:00:17]} 11. Na3 {[%clk 00:02:45]} {[%emt 00:00:04]}
O-O {[%clk 00:02:46]} {[%emt 00:00:08]} 12. Bf4 {[%clk 00:02:10]} {[%emt
00:00:37]} c6 {[%clk 00:02:30]} {[%emt 00:00:19]} 13. Ne5 {[%clk 00:02:02]}
{[%emt 00:00:09]} f6 {[%clk 00:02:14]} {[%emt 00:00:18]} 14. Ng4 {[%clk
00:01:45]} {[%emt 00:00:19]} Nd3 {[%clk 00:02:01]} {[%emt 00:00:15]} 15. Rxe4
{[%clk 00:01:24]} {[%emt 00:00:24]} dxe4 {[%clk 00:01:58]} {[%emt 00:00:05]} 16.
Be3 {[%clk 00:01:24]} {[%emt 00:00:02]} Nxb2 {[%clk 00:01:54]} {[%emt
00:00:06]} 17. Qb3 {[%clk 00:01:25]} Bxa3 {[%clk 00:01:45]} {[%emt 00:00:11]}
18. c5+ {[%clk 00:01:15]} {[%emt 00:00:12]} Qd5 {[%clk 00:01:37]} {[%emt
00:00:10]} 19. Qxa3 {[%clk 00:01:16]} {[%emt 00:00:02]} Nc4 {[%clk 00:01:36]}
{[%emt 00:00:02]} 20. Qb4 {[%clk 00:01:01]} {[%emt 00:00:16]} Nxe3 {[%clk
00:01:28]} {[%emt 00:00:12]} 21. Nxe3 {[%clk 00:01:02]} Qd7 {[%clk 00:01:27]}
{[%emt 00:00:03]} 22. Qc4+ {[%clk 00:00:54]} {[%emt 00:00:10]} Kh8 {[%clk
00:01:28]} {[%emt 00:00:01]} 23. Rb1 {[%clk 00:00:50]} {[%emt 00:00:05]} Rfd8
{[%clk 00:01:25]} {[%emt 00:00:05]} 24. Rd1 {[%clk 00:00:46]} {[%emt 00:00:06]}
f5 {[%clk 00:01:20]} {[%emt 00:00:08]} 25. h3 {[%clk 00:00:38]} {[%emt
00:00:10]} f4 {[%clk 00:01:17]} {[%emt 00:00:05]} 26. Ng4 {[%clk 00:00:39]} Qd5
{[%clk 00:01:14]} {[%emt 00:00:05]} 27. Qc2 {[%clk 00:00:31]} {[%emt 00:00:10]}
h5 {[%clk 00:01:08]} {[%emt 00:00:08]} 28. Ne5 {[%clk 00:00:32]} Rac8 {[%clk
00:00:55]} {[%emt 00:00:15]} 29. Ng6+ {[%clk 00:00:26]} {[%emt 00:00:07]} Kh7
{[%clk 00:00:44]} {[%emt 00:00:13]} 30. Nxf4 {[%clk 00:00:27]} {[%emt
00:00:02]} Qf5 {[%clk 00:00:42]} {[%emt 00:00:03]} 31. g3 {[%clk 00:00:16]}
{[%emt 00:00:13]} h4 {[%clk 00:00:42]} {[%emt 00:00:02]} 32. Kh2 {[%clk
00:00:04]} {[%emt 00:00:14]} hxg3+ {[%clk 00:00:43]} {[%emt 00:00:02]} 33. fxg3
{[%clk 00:00:05]} {[%emt 00:00:01]} g5 {[%clk 00:00:32]} {[%emt 00:00:12]} 34.
Ng2 {[%clk 00:00:06]} {[%emt 00:00:02]} Qf6 {[%clk 00:00:31]} {[%emt 00:00:02]}
35. Qxe4+ {[%emt 00:00:04]} Kg7 {[%clk 00:00:28]} {[%emt 00:00:03]} 36. Rd3
{[%clk 00:00:04]} {[%emt 00:00:04]} Re8 {[%clk 00:00:27]} {[%emt 00:00:03]} 37.
Qg4 {[%clk 00:00:04]} {[%emt 00:00:02]} Rf8 {[%clk 00:00:24]} {[%emt 00:00:06]}
38. d5 {[%clk 00:00:03]} {[%emt 00:00:03]} cxd5 {[%clk 00:00:25]} {[%emt
00:00:01]} 39. Rxd5 {[%clk 00:00:04]} Rcd8 {[%clk 00:00:23]} {[%emt 00:00:03]}
40. Rxg5+ {[%clk 00:00:05]} Qxg5 {[%clk 00:00:21]} {[%emt 00:00:04]} 41. Qxg5+
{[%clk 00:00:05]} Kf7 {[%clk 00:00:22]} 42. Qh5+ {[%clk 00:00:06]} {[%emt
00:00:03]} Ke7 {[%clk 00:00:23]} 43. Qg5+ {[%clk 00:00:08]} Kd7 {[%clk
00:00:24]} {[%emt 00:00:01]} 44. Qd5+ {[%clk 00:00:08]} Kc7 {[%clk 00:00:25]}
{[%emt 00:00:01]} 45. Qe5+ {[%clk 00:00:10]} Kc6 {[%clk 00:00:26]} 46. h4
{[%clk 00:00:10]} {[%emt 00:00:01]} Rde8 {[%clk 00:00:27]} {[%emt 00:00:01]} 47.
Qd4 {[%clk 00:00:11]} {[%emt 00:00:02]} Rd8 {[%clk 00:00:28]} {[%emt 00:00:01]}
48. Qb4 {[%clk 00:00:12]} {[%emt 00:00:01]} Rf2 {[%clk 00:00:26]} {[%emt
00:00:04]} 49. Kh3 {[%clk 00:00:13]} {[%emt 00:00:01]} Rdd2 {[%clk 00:00:26]}
50. Nf4 {[%clk 00:00:14]} {[%emt 00:00:01]} Rh2+ {[%clk 00:00:27]} {[%emt
00:00:01]} 51. Kg4 {[%clk 00:00:15]} Rb2 {[%clk 00:00:24]} {[%emt 00:00:06]} 52.
Qa4+ {[%clk 00:00:16]} {[%emt 00:00:01]} Kc7 {[%clk 00:00:22]} {[%emt
00:00:04]} 53. Qa5+ {[%clk 00:00:17]} {[%emt 00:00:02]} Kc6 {[%clk 00:00:20]}
{[%emt 00:00:03]} 54. Qxa7 {[%clk 00:00:18]} {[%emt 00:00:02]} Rxa2 {[%clk
00:00:19]} {[%emt 00:00:02]} 55. Qb6+ {[%clk 00:00:19]} {[%emt 00:00:01]} Kd7
{[%clk 00:00:17]} {[%emt 00:00:04]} 56. Qxb7+ {[%clk 00:00:20]} Kd8 {[%clk
00:00:17]} {[%emt 00:00:02]} 57. Ne6+ {[%clk 00:00:21]} {[%emt 00:00:02]} Ke8
{[%clk 00:00:15]} {[%emt 00:00:03]} 58. Qc6+ {[%clk 00:00:21]} {[%emt
00:00:02]} Ke7 {[%clk 00:00:16]} {[%emt 00:00:02]} 59. Nf4 {[%emt 00:00:06]}
Rag2 {[%clk 00:00:11]} {[%emt 00:00:02]} 60. Qd6+ {[%clk 00:00:22]} {[%emt
00:00:02]} Kf7 {[%clk 00:00:12]} 61. Qe6+ {[%clk 00:00:23]} {[%emt 00:00:01]}
Kg7 {[%clk 00:00:13]} 62. c6 {[%clk 00:00:23]} {[%emt 00:00:02]} Rc2 {[%clk
00:00:10]} {[%emt 00:00:04]} 63. Qe7+ {[%clk 00:00:24]} {[%emt 00:00:02]} Kg8
{[%clk 00:00:10]} {[%emt 00:00:01]} 64. c7 {[%clk 00:00:25]} {[%emt 00:00:02]}
Rhd2 {[%clk 00:00:05]} {[%emt 00:00:07]} 65. Qe8+ {[%clk 00:00:25]} {[%emt
00:00:02]} Kg7 {[%clk 00:00:06]} {[%emt 00:00:01]} 66. c8=Q {[%clk 00:00:24]}
{[%emt 00:00:03]} Rxc8 {[%clk 00:00:07]} {[%emt 00:00:01]} 67. Qxc8 {[%clk
00:00:25]} {[%emt 00:00:01]} Rd6 {[%clk 00:00:07]} {[%emt 00:00:02]} 68. Qc7+
{[%clk 00:00:25]} {[%emt 00:00:01]} Kf6 {[%clk 00:00:06]} {[%emt 00:00:03]} 69.
Qxd6+ {[%clk 00:00:26]} {[%emt 00:00:01]} Kf7 {[%clk 00:00:07]} 70. Qg6+ {[%clk
00:00:27]} {[%emt 00:00:02]} Ke7 {[%clk 00:00:09]} 71. Kf5 {[%clk 00:00:27]}
{[%emt 00:00:03]} Kd7 {[%clk 00:00:10]} 72. Qe6+ {[%clk 00:00:28]} {[%emt
00:00:01]} Kc7 {[%clk 00:00:11]} 73. Nd5+ {[%clk 00:00:29]} {[%emt 00:00:01]}
Kb7 {[%clk 00:00:12]} {[%emt 00:00:01]} 74. Qb6+ {[%clk 00:00:30]} Ka8 {[%clk
00:00:13]} {[%emt 00:00:01]} 75. Nc7# {[%clk 00:00:31]} {[%emt 00:00:01]} 1-0

[Event "Turniej Blitza na II Lidze Juniorów 2018"]
[Site "Szczyrk, Poland"]
[Date "????.??.??"]
[Round "8.11"]
[White "Buraczewski, Rafal"]
[Black "Radecki, Adam"]
[Result "1-0"]
[TimeControl "3'+2\""]
[WhiteElo "1927"]
[BlackElo "1782"]

1. d4 {[%clk 00:03:03]} {[%emt 00:01:19]} Nf6 {[%clk 00:03:02]} {[%emt
00:00:02]} 2. Nf3 {[%clk 00:03:04]} {[%emt 00:00:01]} g6 {[%clk 00:03:03]} 3.
c4 {[%clk 00:03:06]} Bg7 {[%clk 00:03:04]} {[%emt 00:00:01]} 4. Nc3 {[%clk
00:03:07]} d5 {[%clk 00:03:06]} 5. cxd5 {[%clk 00:03:05]} {[%emt 00:00:06]}
Nxd5 {[%clk 00:03:06]} {[%emt 00:00:01]} 6. Qb3 {[%clk 00:03:05]} {[%emt
00:00:02]} Nxc3 {[%clk 00:03:01]} {[%emt 00:00:07]} 7. bxc3 {[%emt 00:00:03]}
O-O {[%clk 00:02:59]} {[%emt 00:00:02]} 8. Ba3 {[%clk 00:03:02]} {[%emt
00:00:06]} Re8 {[%clk 00:03:00]} {[%emt 00:00:01]} 9. e3 {[%clk 00:03:02]}
{[%emt 00:00:02]} a6 {[%clk 00:02:57]} {[%emt 00:00:05]} 10. Bc4 {[%clk
00:02:51]} {[%emt 00:00:12]} e6 {[%clk 00:02:54]} {[%emt 00:00:06]} 11. O-O
{[%clk 00:02:48]} {[%emt 00:00:05]} b5 {[%clk 00:02:54]} {[%emt 00:00:02]} 12.
Be2 {[%clk 00:02:49]} {[%emt 00:00:01]} Nc6 {[%clk 00:02:50]} {[%emt 00:00:06]}
13. c4 {[%clk 00:02:42]} {[%emt 00:00:09]} Rb8 {[%clk 00:02:44]} {[%emt
00:00:08]} 14. cxb5 {[%emt 00:00:07]} axb5 {[%clk 00:02:44]} 15. Qc2 {[%clk
00:02:35]} {[%emt 00:00:04]} Ne7 {[%clk 00:02:43]} {[%emt 00:00:04]} 16. Rab1
{[%clk 00:02:33]} {[%emt 00:00:04]} c6 {[%clk 00:02:43]} {[%emt 00:00:02]} 17.
Rfc1 {[%clk 00:02:24]} {[%emt 00:00:11]} Rb6 {[%clk 00:02:31]} {[%emt
00:00:13]} 18. Bb4 {[%clk 00:02:23]} {[%emt 00:00:04]} Nd5 {[%clk 00:02:27]}
{[%emt 00:00:06]} 19. Ba5 {[%clk 00:02:22]} {[%emt 00:00:03]} Bd7 {[%clk
00:02:25]} {[%emt 00:00:05]} 20. Bxb6 {[%clk 00:02:21]} {[%emt 00:00:03]} Qxb6
{[%clk 00:02:26]} 21. a4 {[%clk 00:02:08]} {[%emt 00:00:14]} b4 {[%clk
00:02:17]} {[%emt 00:00:12]} 22. Bc4 {[%clk 00:02:01]} {[%emt 00:00:08]} Rc8
{[%clk 00:02:10]} {[%emt 00:00:08]} 23. Qb3 {[%clk 00:01:59]} {[%emt 00:00:05]}
Bf8 {[%clk 00:02:08]} {[%emt 00:00:04]} 24. Ne5 {[%clk 00:01:59]} {[%emt
00:00:02]} Be8 {[%clk 00:02:09]} 25. Bxd5 {[%clk 00:01:59]} {[%emt 00:00:04]}
cxd5 {[%clk 00:02:08]} {[%emt 00:00:02]} 26. Rxc8 {[%clk 00:01:59]} {[%emt
00:00:02]} 1-0

[Event "Turniej Blitza na II Lidze Juniorów 2018"]
[Site "Szczyrk, Poland"]
[Date "????.??.??"]
[Round "8.14"]
[White "Poltorak, Sebastian"]
[Black "Musial, Tomasz"]
[Result "0-1"]
[TimeControl "3'+2\""]
[WhiteElo "1594"]
[BlackElo "1833"]

1. d4 {[%clk 00:03:02]} {[%emt 00:00:02]} Nf6 {[%clk 00:03:03]} {[%emt
00:00:01]} 2. c4 {[%clk 00:03:03]} {[%emt 00:00:01]} e6 {[%clk 00:03:04]} 3.
Nc3 {[%clk 00:03:04]} Bb4 {[%clk 00:03:04]} {[%emt 00:00:02]} 4. Qc2 {[%clk
00:03:06]} O-O {[%clk 00:03:04]} {[%emt 00:00:03]} 5. e4 {[%clk 00:03:07]}
{[%emt 00:00:01]} Bxc3+ {[%clk 00:02:57]} {[%emt 00:00:08]} 6. bxc3 {[%clk
00:03:08]} {[%emt 00:00:02]} d6 {[%clk 00:02:58]} 7. Bd3 {[%clk 00:03:07]}
{[%emt 00:00:03]} e5 {[%clk 00:02:58]} {[%emt 00:00:01]} 8. Ne2 {[%clk
00:03:05]} {[%emt 00:00:04]} Nc6 {[%clk 00:02:56]} {[%emt 00:00:04]} 9. a3
{[%clk 00:03:04]} {[%emt 00:00:03]} b6 {[%clk 00:02:55]} {[%emt 00:00:03]} 10.
O-O {[%clk 00:03:03]} {[%emt 00:00:03]} Ba6 {[%clk 00:02:53]} {[%emt 00:00:05]}
11. f4 {[%clk 00:02:57]} {[%emt 00:00:08]} Na5 {[%clk 00:02:40]} {[%emt
00:00:14]} 12. Qa2 {[%clk 00:02:16]} {[%emt 00:00:43]} Qd7 {[%clk 00:02:22]}
{[%emt 00:00:20]} 13. fxe5 {[%clk 00:02:06]} {[%emt 00:00:12]} dxe5 {[%clk
00:02:22]} {[%emt 00:00:03]} 14. Bg5 {[%clk 00:02:07]} {[%emt 00:00:01]} Ne8
{[%clk 00:02:02]} {[%emt 00:00:21]} 15. Rad1 {[%clk 00:02:02]} {[%emt
00:00:08]} Nd6 {[%clk 00:02:02]} {[%emt 00:00:02]} 16. c5 {[%clk 00:02:02]}
{[%emt 00:00:02]} Bxd3 {[%clk 00:01:57]} {[%emt 00:00:06]} 17. Rxd3 {[%clk
00:02:03]} {[%emt 00:00:01]} Nxe4 {[%clk 00:01:57]} {[%emt 00:00:03]} 18. Be3
{[%clk 00:01:52]} {[%emt 00:00:12]} bxc5 {[%clk 00:01:25]} {[%emt 00:00:35]} 19.
Qc2 {[%clk 00:01:34]} {[%emt 00:00:19]} cxd4 {[%clk 00:00:59]} {[%emt
00:00:28]} 20. cxd4 {[%clk 00:01:30]} {[%emt 00:00:05]} exd4 {[%clk 00:00:56]}
{[%emt 00:00:07]} 21. Rxd4 {[%clk 00:01:28]} {[%emt 00:00:03]} Nd6 {[%clk
00:00:56]} {[%emt 00:00:02]} 22. Rfd1 {[%clk 00:01:22]} {[%emt 00:00:08]} Qc6
{[%clk 00:00:49]} {[%emt 00:00:09]} 23. Qxc6 {[%clk 00:01:14]} {[%emt
00:00:10]} Nxc6 {[%clk 00:00:49]} {[%emt 00:00:02]} 24. R4d3 {[%clk 00:01:09]}
{[%emt 00:00:06]} Rfe8 {[%clk 00:00:42]} {[%emt 00:00:10]} 25. Nd4 {[%clk
00:00:57]} {[%emt 00:00:14]} Nxd4 {[%clk 00:00:34]} {[%emt 00:00:11]} 26. Bxd4
{[%clk 00:00:58]} Re2 {[%clk 00:00:34]} {[%emt 00:00:02]} 27. Bc5 {[%clk
00:00:45]} {[%emt 00:00:14]} g6 {[%clk 00:00:14]} {[%emt 00:00:22]} 28. Bxd6
{[%clk 00:00:46]} {[%emt 00:00:01]} cxd6 {[%clk 00:00:15]} 29. Rxd6 {[%clk
00:00:47]} {[%emt 00:00:01]} Ra2 {[%clk 00:00:16]} {[%emt 00:00:01]} 30. Ra6
{[%clk 00:00:43]} {[%emt 00:00:06]} Rb8 {[%clk 00:00:14]} {[%emt 00:00:04]} 31.
Rxa7 {[%clk 00:00:27]} {[%emt 00:00:19]} Rbb2 {[%clk 00:00:15]} {[%emt
00:00:01]} 32. Ra4 {[%clk 00:00:07]} {[%emt 00:00:22]} Rxg2+ {[%clk 00:00:15]}
{[%emt 00:00:02]} 33. Kf1 {[%clk 00:00:08]} Rxh2 {[%emt 00:00:02]} 34. Kg1
{[%clk 00:00:10]} Rh3 {[%clk 00:00:15]} {[%emt 00:00:03]} 35. Ra8+ {[%clk
00:00:10]} {[%emt 00:00:02]} Kg7 {[%clk 00:00:16]} 36. a4 {[%clk 00:00:11]}
{[%emt 00:00:01]} Rha3 {[%clk 00:00:16]} 37. Rd4 {[%clk 00:00:12]} {[%emt
00:00:01]} Rb3 {[%clk 00:00:17]} 38. Rd1 {[%clk 00:00:13]} {[%emt 00:00:01]} h5
{[%clk 00:00:17]} {[%emt 00:00:03]} 39. a5 {[%clk 00:00:14]} {[%emt 00:00:01]}
h4 {[%clk 00:00:16]} {[%emt 00:00:02]} 40. a6 {[%clk 00:00:14]} {[%emt
00:00:01]} Rb6 {[%clk 00:00:10]} {[%emt 00:00:09]} 41. a7 {[%clk 00:00:14]}
{[%emt 00:00:02]} Rb7 {[%clk 00:00:12]} 42. Rad8 {[%clk 00:00:04]} {[%emt
00:00:12]} Rbxa7 {[%clk 00:00:12]} {[%emt 00:00:02]} 43. R8d3 {[%clk 00:00:05]}
R7a3 {[%clk 00:00:11]} {[%emt 00:00:02]} 0-1

[Event "Turniej Blitza na II Lidze Juniorów 2018"]
[Site "Szczyrk, Poland"]
[Date "????.??.??"]
[Round "8.67"]
[White "Trzebinski, Sylwester"]
[Black "Uliasz, Miroslaw"]
[Result "0-1"]
[TimeControl "3'+2\""]
[WhiteElo "1182"]
[BlackElo "1075"]

1. e4 {[%clk 00:03:02]} {[%emt 00:00:01]} g6 {[%clk 00:03:04]} {[%emt
00:00:01]} 2. d4 {[%clk 00:03:02]} {[%emt 00:00:02]} Bg7 {[%clk 00:03:04]}
{[%emt 00:00:01]} 3. Nf3 {[%clk 00:03:02]} {[%emt 00:00:03]} d6 {[%clk
00:03:05]} {[%emt 00:00:01]} 4. Nc3 {[%clk 00:02:59]} {[%emt 00:00:05]} Bg4
{[%clk 00:03:05]} {[%emt 00:00:01]} 5. Be2 {[%clk 00:02:50]} {[%emt 00:00:11]}
Nf6 {[%clk 00:03:02]} {[%emt 00:00:06]} 6. e5 {[%clk 00:02:45]} {[%emt
00:00:07]} dxe5 {[%clk 00:03:02]} {[%emt 00:00:02]} 7. dxe5 {[%clk 00:02:44]}
{[%emt 00:00:02]} Nfd7 {[%clk 00:02:50]} {[%emt 00:00:14]} 8. h3 {[%clk
00:02:33]} {[%emt 00:00:13]} Bxf3 {[%clk 00:02:47]} {[%emt 00:00:06]} 9. Bxf3
{[%clk 00:02:32]} {[%emt 00:00:03]} c6 {[%clk 00:02:48]} {[%emt 00:00:01]} 10.
Bg4 {[%clk 00:02:28]} {[%emt 00:00:05]} Bxe5 {[%clk 00:02:28]} {[%emt
00:00:23]} 11. O-O {[%clk 00:02:12]} {[%emt 00:00:17]} O-O {[%clk 00:02:27]}
{[%emt 00:00:03]} 12. Bh6 {[%clk 00:02:06]} {[%emt 00:00:08]} Bg7 {[%clk
00:02:20]} {[%emt 00:00:10]} 13. Bxg7 {[%clk 00:01:49]} {[%emt 00:00:18]} Kxg7
{[%clk 00:02:20]} 14. h4 {[%clk 00:01:46]} {[%emt 00:00:07]} h5 {[%clk
00:02:16]} {[%emt 00:00:07]} 15. Bxh5 {[%clk 00:01:35]} {[%emt 00:00:13]} gxh5
{[%clk 00:01:56]} {[%emt 00:00:21]} 16. Qxh5 {[%clk 00:01:32]} {[%emt
00:00:05]} Rh8 {[%clk 00:01:50]} {[%emt 00:00:10]} 17. Qg5+ {[%clk 00:01:31]}
{[%emt 00:00:01]} Kf8 {[%clk 00:01:46]} {[%emt 00:00:06]} 18. h5 {[%clk
00:01:22]} {[%emt 00:00:12]} Nf6 {[%clk 00:01:34]} {[%emt 00:00:14]} 19. h6
{[%clk 00:01:20]} {[%emt 00:00:03]} Nbd7 {[%clk 00:01:25]} {[%emt 00:00:11]} 20.
Qg7+ {[%clk 00:01:18]} {[%emt 00:00:04]} Ke8 {[%clk 00:01:23]} {[%emt
00:00:05]} 21. Qxh8+ {[%clk 00:01:17]} {[%emt 00:00:02]} Nf8 {[%clk 00:01:23]}
{[%emt 00:00:03]} 22. Qg7 {[%clk 00:01:08]} {[%emt 00:00:10]} Qd2 {[%clk
00:01:16]} {[%emt 00:00:09]} 23. Rad1 {[%clk 00:01:00]} {[%emt 00:00:10]} Qxc2
{[%clk 00:01:05]} {[%emt 00:00:14]} 24. Ne4 {[%clk 00:00:56]} {[%emt 00:00:05]}
Qxe4 {[%clk 00:01:02]} {[%emt 00:00:05]} 25. f3 {[%clk 00:00:46]} {[%emt
00:00:12]} Qe3+ {[%clk 00:01:00]} {[%emt 00:00:04]} 26. Kh2 {[%clk 00:00:34]}
{[%emt 00:01:30]} b5 {[%clk 00:01:32]} {[%emt 00:00:30]} 27. Rde1 {[%clk
00:00:34]} {[%emt 00:00:01]} Qf4+ {[%clk 00:01:30]} {[%emt 00:00:04]} 28. Re2
{[%clk 00:00:29]} {[%emt 00:00:07]} 0-1